| 000 | 01716cam a2200409 i 4500 | ||
|---|---|---|---|
| 001 | 23896677 | ||
| 005 | 20250624171253.0 | ||
| 008 | 241018s2025 tnua 000 0aeng | ||
| 010 | _a 2024948682 | ||
| 020 |
_a9781400252817 _q(hardcover) |
||
| 020 |
_z9781400252824 _q(ebook) |
||
| 035 | _a(OCoLC)1517560905 | ||
| 040 |
_aDLC _beng _erda _cDLC _dTnLvILS |
||
| 042 | _apcc | ||
| 043 |
_an-us--- _an-us-co |
||
| 050 | 4 |
_aPN2287.G667 _bA3 2025 |
|
| 082 | 0 | 4 |
_a791.4502/8092 _aB _223/eng/20250429 |
| 092 |
_ageneral nonfiction _b92 Grammer, Kelsey |
||
| 100 | 1 |
_aGrammer, Kelsey, _d1955- _eauthor. _95696254 |
|
| 245 | 1 | 0 |
_aKaren : _ba brother remembers / _cKelsey Grammer. |
| 264 | 1 |
_a[Nashville, Tennessee] : _bHarper Select/Summon Publishing, _c[2025] |
|
| 300 |
_av, 383 pages : _billustrations (some color) ; _c24 cm |
||
| 336 | _atext | ||
| 336 | _astill image | ||
| 337 | _aunmediated | ||
| 338 | _avolume | ||
| 500 | _a"A memoir"--Jacket. | ||
| 520 | _a"On July 1, 1975, Kelsey Grammer's younger sister, 18-year-old Karen Grammer, was raped and murdered. Now, for the first time, Kelsey discusses how it has affected him and the hope and healing he has found in the decades since"-- | ||
| 600 | 1 | 0 |
_aGrammer, Kelsey, _d1955- _xChildhood and youth. _96544890 |
| 600 | 1 | 0 |
_aGrammer, Kelsey, _d1955- _xFamily. _96544891 |
| 650 | 0 |
_aTelevision actors and actresses _zUnited States _vBiography. _95694639 |
|
| 650 | 0 |
_aSiblings _zUnited States _vBiography. _96544892 |
|
| 650 | 0 |
_aMurder victims _zColorado _vBiography. _96544893 |
|
| 655 | 7 |
_aAutobiographies. _2lcgft |
|
| 655 | 7 |
_aTrue crime stories. _2lcgft _95703678 |
|
| 942 |
_2ddc _cBOOK |
||
| 999 |
_c408071 _d408071 |
||